Les films avec Denzel Washington - Statistiques

Statistiques générales
  • Ce quiz a été pris 34 fois
  • Le résultat moyen est 8 sur 20
Statistiques - réponses
Hint Réponse % Correct
Un ancien agent qui travaille dans un magasin de bricolage s'attaque à la mafia russe Equalizer
83%
Un ex agent de la CIA, alcoolique et dépressif qui protège la fille d'une famille mexicaine Man on Fire
69%
Un avocat qui défend un autre avocat atteint du sida Philadelphia
66%
Un pilote de ligne cocaïnomane et alcoolique Flight
59%
Une nouvelle recrue de la police qui a 24 heures pour suivre un agent anti-drogues Training Day
59%
Porte-parole de Nation of Islam, militant politique et défenseur des droits de l'homme afro-américain Malcolm X
55%
Le délinquant Frank Lucas poursuivi par l'inspecteur Richie Roberts American Gangster
52%
Dans un univers apocalyptique, un solitaire tente de survivre Le Livre d'Eli
45%
Un criminologue tétraplégique qui aide une jeune enquêtrice a traquer un tueur en série Bone Collector
41%
Yn agent de l'ATF utilisant une technologie pour remonter le temps afin de trouver le responsable d'un terrible attentat à La Nouvelle-Orléans Déjà vu
41%
Un marchant d'esclave appelé Macrinus Gladiator 2
41%
Un inspecteur chargé de négocier avec des braqueurs qui ont pris des personnes en otage dans une banque new-yorkaise Inside Man
41%
Un aiguilleur de métro face à un preneur d'otages L'Attaque du métro 123
34%
Un père désespéré qui prend un hôpital en otage pour sauver la vie de son fils John Q
31%
Un coach de football américain Le Plus beau des combats
21%
Un boxeur condamné pour triple meurtre Hurricane Carter
17%
Un avocat de Los Angeles qui se lie d'amitié avec une militante de l'égalité des droits L'Affaire Roman J
17%
Un journaliste qui enquête sur le meurtre de deux magistrats L'Affaire Pélican
10%
Un lieutenant traumatisé par une bévue, doit enquêter sur la mort d'une pilote en Irak A l'épreuve du feu
7%
Don Pedro d'Aragon, dans ce film adapté d'une oeuvre de Shalespeare Beaucoup de bruit pour rien
3%
Aucun quiz correspondant
Distribution des résultats
% des personnes avec chaque résultat
Percentile par nombre de réponses
Votre historique - résultats
Vous n’avez pas pris ce quiz